000 00984nam a22002417a 4500
003 BR-ViAPE
005 20260514123733.0
008 260514s2017 porad gs|||| 001 0 por d
020 _q978-85-98928-24-1
040 _cBR-ViAPE
100 _aMoreira, Vânia Maria Losada
245 _aEspírito Santo indígena:
_bconquista, trabalho, territorialidade e autogoverno dos índios, 1798 - 1860
260 _aVitória
_bArquivo Público do Estado do Espírito Santo
_c2017
300 _a226 p.
_bil
_c21cm
300 _bLivro disponível em PDF
490 _aColeção Canaã
_vv. 25
500 _aObra disponibilizada em PDF por integrar a Coleção Canaã do APEES.
650 _aIndígenas
_xHistória
_zEspírito Santo (Brasil)
651 _aEspírito Santo (Brasil)
710 _aArquivo Público do Estado do Espírito Santo
856 _uhttps://ape.es.gov.br/Media/ape/PDF/Espirito_Santo_Indigena_completo_site.pdf
_yCLIQUE AQUI PARA ACESSAR O DOCUMENTO
942 _2ddc
_cBK
_n1
999 _c670
_d670